000 00703nam a22002297a 4500
999 _c7061
_d7061
003 AR-CdUCM
008 190319b ||||| |||| 00| 0 spa d
040 _aMUNICIPALIDAD PROVINCIAL DEL CUSCO
_cBIBLIOTECA MUNICIPAL DEL CUSCO
082 _a869.26 /
_bF82
100 _aFranco, Luis Leopoldo,
_919883
245 _aSuma :
_b1927-1937 /
260 _abuenos aires :
_bEdiciones Perseo,
_c1938.
300 _a245 páginas ;
_c27 cm.
440 _aAmérica
_919884
500 _aDonación de la familia Nieto
650 _aArgentina
_9511
650 _aPoesía argentina
_91657
650 _aSiglo XX
_98
700 _aUrruchua, Demetrio (Ilustraciones)
_919885
942 _2ddc
_cLIBROS
945 _araen